| 000 | 00411nam a22001457a 4500 | ||
|---|---|---|---|
| 005 | 20250206081515.0 | ||
| 008 | 250206b |||||||| |||| 00| 0 eng d | ||
| 020 | _a8188867985 | ||
| 050 | _aRC311 TUB | ||
| 245 |
_aTuberculosis/ _ceditor, R. S. Bhatia |
||
| 260 |
_aDelhi _bPeepee Publishers and Distributors _c2007 |
||
| 300 |
_axiv. 146p. _bill. some color _c24cm |
||
| 700 | _aBhatia, R. S. | ||
| 942 |
_2lcc _cBK _n0 |
||
| 999 |
_c3482 _d3482 |
||